| Tag |
First Indicator |
Second Indicator |
Subfields |
| LEADER |
00000cam a2200000 4500 |
| 001 |
in00000040137 |
| 005 |
20151007070536.0 |
| 008 |
800530r1889 au af b 00010 ger d |
| 035 |
|
|
|a (OCoLC)06373508
|
| 035 |
|
|
|9 AAE4220AM
|
| 040 |
|
|
|a TXA
|c TXA
|d UtOrBLW
|
| 049 |
|
|
|a TXAM
|c [100401]
|
| 090 |
|
|
|a QE755.G4
|b W65 1889
|
| 092 |
|
|
|a 560.943
|b W846f
|
| 100 |
1 |
|
|a Wohrmann, S.,
|c freiherr von.
|
| 245 |
1 |
4 |
|a Die fauna der sogenannten cardita--und raibler--schichten in den nordtiroler und bayerischen Alpen /
|c von S. freiherrn v. Wohrmann ...
|
| 264 |
|
1 |
|a Wien,
|b [publisher not identified] ;
|c 1889.
|
| 300 |
|
|
|a [181]-258 pages :
|b plates, tables, diagrams
|
| 336 |
|
|
|a text
|b txt
|2 rdacontent
|
| 337 |
|
|
|a unmediated
|b n
|2 rdamedia
|
| 338 |
|
|
|a volume
|b nc
|2 rdacarrier
|
| 504 |
|
|
|a "Literatur" pages 182-183.
|
| 650 |
|
0 |
|a Paleontology
|z Germany.
|
| 650 |
|
0 |
|a Paleontology
|z Alps.
|
| 999 |
|
|
|a MARS
|
| 999 |
f |
f |
|s 02624a15-ed6f-3d7e-a6af-285e01f84221
|i d4819f43-12b4-320c-8cb6-79e70e8984a9
|t 0
|
| 952 |
f |
f |
|p ric
|a Texas A&M University
|b Rellis Campus
|c Joint Library Facility
|s JLF
|d Remote Storage
|t 0
|e QE755.G4 W65 1889
|h Library of Congress classification
|i unmediated -- volume
|m A14800963182
|
| 998 |
f |
f |
|a QE755.G4 W65 1889
|t 0
|l Remote Storage
|